000 00826nam a2200265Ia 4500
003 OSt
005 20221005081042.0
006 a|||||r|||| 00| 0
007 ta
008 221004b |||||||| |||| 00| 0 eng d
024 _a27427
037 _cTextual
040 _aCRL
_cCRL
_beng
041 _2eng
_aeng
082 _aB0aG.2, N5
100 _aChattopadhyaya D P and others
_9610797
245 0 _aMathematics, astronomy and biology in Indian tradition
_b Some conceptual preliminaries
260 _aNew Delhi
_bPHISPC
_c1995
300 _a128p
_ccm.
490 _a(PHISPC monograph series of history of philosophy, science and culture in india ,3)
650 _a BIOLOGY
650 _aMATHEMATICS
942 _hB0aG.2, N5
_cTEXL
_2cc
999 _c987120
_d987120